000 00406nam a2200145Ia 4500
008 100122s9999 xx 000 0 und d
082 _b46264
_a823.08
100 _aराजाध्यक्ष विजया
245 _aअधांतर
260 _bसन पब्लिकेशन
_c1984
300 _a205
630 _aअधांतर
730 _aअधांतर
942 _cBOOK
999 _c425471
_d425468